[Event "IECG TE.2005.P.01831 email"]
[Site "IECG email"]
[Date "2005.03.24"]
[Round "?"]
[White "Dhawan, Rajesh"]
[Black "Theeravanvilai, Prasert"]
[Result "1-0"]
[WhiteElo "1250"]
[BlackElo "1500"]
[PlyCount "55"]
[EventDate "2005.03.24"]
[EventType "tourn (corr)"]
[EventRounds "12"]
[SourceTitle "Corr 2024"]
[Source "ChessBase"]
[SourceDate "2023.10.19"]
[SourceVersion "1"]
[SourceVersionDate "2023.10.19"]
[SourceQuality "1"]

1. d4 Nf6 2. c4 c5 3. d5 b5 4. Nf3 bxc4 5. Nc3 d6 6. Qa4+ Qd7 7. Qxc4 Ba6 8. Qb3 g6 9. g3 Bg7 10. Ng5 0-0 11. h4 Qb7 12. Bg2 Qxb3 13. axb3 Nfd7 14. 0-0 Nb6 15. Re1 N8d7 16. Bh3 Nf6 17. e4 Nfd7 18. Bxd7 Nxd7 19. Rxa6 Rfb8 20. Ra3 Ne5 21. Re3 Bh6 22. f4 Nd7 23. Bd2 f6 24. Ne6 Kf7 25. Nc7 e5 26. dxe6+ Ke7 27. N7d5+ Kf8 28. exd7 1-0